[Event "Tradewise Gibraltar Chess Festival 2013"]
[Site "Gibraltar ENG"]
[Date "2013.01.23"]
[Round "2.71"]
[White "Ungureanu, Sandu"]
[Black "Bird, Andrew"]
[Result "1/2-1/2"]
[WhiteElo "2019"]
[BlackElo "2223"]
[PlyCount "93"]
[EventDate "2013.01.22"]
[EventType "swiss"]
[EventRounds "10"]
[EventCountry "ENG"]
[Source "lmi"]
[SourceDate "2013.01.22"]

1. e4 e5 2. Nf3 Nc6 3. Bb5 Nf6 4. O-O Nxe4 5. Re1 Nd6 6. Bxc6 dxc6 7. Nxe5 Be7
8. d4 O-O 9. Nd2 Re8 10. Ndc4 Be6 11. Nxd6 cxd6 12. Nd3 Qd7 13. Bf4 Bf6 14. c3
h6 15. Qf3 Bh4 16. h3 Bd5 17. Rxe8+ Rxe8 18. Qg4 Qxg4 19. hxg4 Bc4 20. Re1
Rxe1+ 21. Nxe1 Be6 22. Bxd6 Bxg4 23. g3 Bd8 24. b4 h5 25. a4 f6 26. a5 Kf7 27.
Nd3 b6 28. axb6 axb6 29. c4 Be2 30. Nb2 Ke6 31. Bf8 g5 32. f4 gxf4 33. gxf4 Kf5
34. Kf2 Bg4 35. d5 cxd5 36. cxd5 Kxf4 37. d6 h4 38. Be7 Bxe7 39. dxe7 Bd7 40.
Nc4 b5 41. Nd6 Ke5 42. e8=Q+ Bxe8 43. Nxe8 Kd5 44. Nxf6+ Kc4 45. Ne8 Kxb4 46.
Nd6 Kc5 47. Nxb5 1/2-1/2

[Event "Tradewise Gibraltar Chess Festival 2013"]
[Site "Gibraltar ENG"]
[Date "2013.01.23"]
[Round "2.72"]
[White "Valgmae, Toomas"]
[Black "Hamer, Martyn"]
[Result "1-0"]
[WhiteElo "2218"]
[BlackElo "2025"]
[PlyCount "89"]
[EventDate "2013.01.22"]
[EventType "swiss"]
[EventRounds "10"]
[EventCountry "ENG"]
[Source "lmi"]
[SourceDate "2013.01.22"]

1. d4 Nf6 2. Nf3 e6 3. c4 d5 4. Nc3 Be7 5. Bg5 O-O 6. e3 h6 7. Bh4 b6 8. Bd3
Bb7 9. O-O Nbd7 10. Rc1 c5 11. cxd5 Nxd5 12. Bg3 Nxc3 13. bxc3 Re8 14. Qe2 Bf6
15. Rfd1 Qe7 16. e4 e5 17. d5 Red8 18. a4 Nf8 19. a5 Bc8 20. h3 Ng6 21. Ra1 Rb8
22. Ra2 Bg5 23. axb6 axb6 24. Rda1 Bd7 25. Bb5 Qe8 26. Rb1 Bf4 27. Rab2 Bxb5
28. Qxb5 Qe7 29. Qa6 Bxg3 30. fxg3 f5 31. Qd3 fxe4 32. Qxe4 Qd6 33. c4 Rd7 34.
h4 Re7 35. h5 Nh8 36. Nh4 Ree8 37. Nf5 Qf6 38. d6 Nf7 39. Rxb6 Rxb6 40. Rxb6
Rd8 41. g4 Qg5 42. Rb7 Ra8 43. Ne7+ Kh8 44. Ng6+ Kg8 45. Rxf7 1-0

[Event "Tradewise Gibraltar Chess Festival 2013"]
[Site "Gibraltar ENG"]
[Date "2013.01.23"]
[Round "2.73"]
[White "Lind, Jan-Olof"]
[Black "Iasman, Inna"]
[Result "1-0"]
[WhiteElo "2217"]
[BlackElo "2019"]
[PlyCount "77"]
[EventDate "2013.01.22"]
[EventType "swiss"]
[EventRounds "10"]
[EventCountry "ENG"]
[Source "lmi"]
[SourceDate "2013.01.22"]

1. e4 c6 2. d3 d5 3. Nd2 e5 4. Ngf3 Bd6 5. g3 Nf6 6. Bg2 O-O 7. O-O Nbd7 8. a3
Re8 9. b3 Nf8 10. Bb2 d4 11. Nh4 Ne6 12. Nc4 Bc7 13. Nf5 b5 14. Nd2 g6 15. Nh4
Rb8 16. Ndf3 Bd6 17. h3 Nh5 18. Bc1 f6 19. Nh2 Bf8 20. Nf5 Rb7 21. Bf3 Nhf4 22.
gxf4 gxf5 23. exf5 Nxf4 24. Bxf4 exf4 25. Be4 Rg7+ 26. Kh1 Bd7 27. Qh5 Rg5 28.
Rg1 Rg7 29. Ng4 Qe7 30. Qh4 Kh8 31. Nxf6 Qf7 32. Rxg7 Qxg7 33. Rg1 Qf7 34. Nxe8
Bxe8 35. f6 Qh5 36. Qxh5 Bxh5 37. Bxc6 Bf7 38. Bxb5 Bd5+ 39. Kh2 1-0

[Event "Tradewise Gibraltar Chess Festival 2013"]
[Site "Gibraltar ENG"]
[Date "2013.01.23"]
[Round "2.74"]
[White "Spanton, Tim R"]
[Black "Marttala, Thomas"]
[Result "1-0"]
[WhiteElo "2017"]
[BlackElo "2217"]
[PlyCount "73"]
[EventDate "2013.01.22"]
[EventType "swiss"]
[EventRounds "10"]
[EventCountry "ENG"]
[Source "lmi"]
[SourceDate "2013.01.22"]

1. c4 e6 2. g3 c5 3. Bg2 Nc6 4. Nc3 Nf6 5. e4 Be7 6. Nge2 O-O 7. O-O d6 8. d4
cxd4 9. Nxd4 Bd7 10. b3 a6 11. Bb2 Rc8 12. Rc1 Qb6 13. Nce2 Ne5 14. Qd2 Rfd8
15. Kh1 Ng6 16. h3 Bf8 17. f4 e5 18. f5 d5 19. fxg6 hxg6 20. cxd5 Bb4 21. Qg5
Rxc1 22. Rxc1 exd4 23. Bxd4 Qa5 24. Bxf6 gxf6 25. Qxf6 Bf8 26. Rc2 Re8 27. Qc3
Qa3 28. Qd2 Bd6 29. Kh2 Be5 30. Nf4 Bb5 31. Qf2 g5 32. Ne2 Bxe2 33. Qxe2 Qd6
34. Qg4 Qh6 35. Bf3 Kg7 36. Rc8 Bxg3+ 37. Kxg3 1-0

[Event "Tradewise Gibraltar Chess Festival 2013"]
[Site "Gibraltar ENG"]
[Date "2013.01.23"]
[Round "2.75"]
[White "Baeza Escudero, Javier"]
[Black "Urbina Perez, Juan Antonio"]
[Result "0-1"]
[WhiteElo "2009"]
[BlackElo "2214"]
[PlyCount "78"]
[EventDate "2013.01.22"]
[EventType "swiss"]
[EventRounds "10"]
[EventCountry "ENG"]
[Source "lmi"]
[SourceDate "2013.01.22"]

1. d4 d5 2. c4 c6 3. Nf3 Nf6 4. e3 a6 5. Be2 dxc4 6. Ne5 b5 7. a4 Bb7 8. b3
cxb3 9. Qxb3 e6 10. Ba3 Bxa3 11. Rxa3 Qa5+ 12. Kf1 Qc7 13. f3 O-O 14. Kf2 Nbd7
15. Nd3 e5 16. dxe5 Nxe5 17. Nc5 Rab8 18. Rc1 Ned7 19. axb5 axb5 20. Nxb7 Rxb7
21. Nd2 c5 22. Kg1 c4 23. Qa2 Nc5 24. Nxc4 bxc4 25. Bxc4 Nfd7 26. Rac3 Ra7 27.
Qc2 Qe5 28. Qd2 Ne6 29. Bd5 Nf6 30. Bb3 Rd7 31. Qc2 Nd5 32. Bxd5 Qxd5 33. Qa4
g6 34. R1c2 Qd1+ 35. Kf2 Rd2+ 36. Kg3 Qe1+ 37. Kh3 h5 38. f4 Qe2 39. f5 Qxg2+
0-1

[Event "Tradewise Gibraltar Chess Festival 2013"]
[Site "Gibraltar ENG"]
[Date "2013.01.23"]
[Round "2.76"]
[White "Sanchez Castillo, Sarai"]
[Black "Hackner, Oskar A"]
[Result "0-1"]
[WhiteElo "2212"]
[BlackElo "2015"]
[PlyCount "62"]
[EventDate "2013.01.22"]
[EventType "swiss"]
[EventRounds "10"]
[EventCountry "ENG"]
[Source "lmi"]
[SourceDate "2013.01.22"]

1. e4 e6 2. d4 d5 3. Nc3 Nf6 4. Bg5 Be7 5. Bxf6 Bxf6 6. e5 Be7 7. Qg4 O-O 8. f4
c5 9. Nf3 f5 10. Qh3 Nc6 11. O-O-O cxd4 12. Nxd4 g5 13. Qh6 Nxd4 14. Rxd4 gxf4
15. h4 Bc5 16. Qxf4 Bxd4 17. Qxd4 Bd7 18. Qf4 Rf7 19. Bd3 Rg7 20. Ne2 Qa5 21.
a3 Bb5 22. Bxb5 Qxb5 23. Nd4 Qb6 24. Qd2 Kh8 25. h5 Rag8 26. Rd1 Rg5 27. g4
fxg4 28. Qf2 Rf5 29. Qd2 Rf7 30. Qh6 g3 31. c3 g2 0-1

[Event "Tradewise Gibraltar Chess Festival 2013"]
[Site "Gibraltar ENG"]
[Date "2013.01.23"]
[Round "2.77"]
[White "Canonne, Antoine"]
[Black "Semprun Martinez, Fernando"]
[Result "1/2-1/2"]
[WhiteElo "2002"]
[BlackElo "2201"]
[PlyCount "107"]
[EventDate "2013.01.22"]
[EventType "swiss"]
[EventRounds "10"]
[EventCountry "ENG"]
[Source "lmi"]
[SourceDate "2013.01.22"]

1. e4 e5 2. Nc3 Nf6 3. f4 d5 4. fxe5 Nxe4 5. d3 Nxc3 6. bxc3 d4 7. Nf3 Nc6 8.
Be2 Bc5 9. O-O dxc3+ 10. Kh1 O-O 11. Qe1 Nd4 12. Bd1 Bg4 13. Qg3 Bxf3 14. Bxf3
Nxf3 15. Rxf3 f6 16. Bh6 Qe7 17. Re1 Rae8 18. Re4 f5 19. Re2 Kh8 20. Bf4 Qf7
21. e6 Rxe6 22. Rxe6 Qxe6 23. Be5 Rf7 24. d4 Qxa2 25. h4 Bf8 26. Rxc3 c6 27. h5
Qe6 28. Qf4 Kg8 29. Rg3 Be7 30. Rb3 b5 31. Re3 Qc4 32. Bd6 Bxd6 33. Qxd6 Rf8
34. h6 Qf7 35. hxg7 Re8 36. Rxe8+ Qxe8 37. Qc7 Qe1+ 38. Kh2 Qh4+ 39. Kg1 Qxd4+
40. Kh2 Qxg7 41. Qxc6 Qe5+ 42. Kg1 Qd4+ 43. Kh2 Qh4+ 44. Kg1 Qd4+ 45. Kh1 b4
46. Qe6+ Kg7 47. Qxf5 Qd1+ 48. Kh2 Qd6+ 49. Kg1 Qb6+ 50. Kh1 a5 51. Qe5+ Kg6
52. Qe4+ Kg5 53. Qe5+ Kg6 54. Qe4+ 1/2-1/2

[Event "Tradewise Gibraltar Chess Festival 2013"]
[Site "Gibraltar ENG"]
[Date "2013.01.23"]
[Round "2.78"]
[White "Tscharotschkin, Michael"]
[Black "Reppen, Ellisiv"]
[Result "1-0"]
[WhiteElo "2200"]
[BlackElo "2005"]
[PlyCount "83"]
[EventDate "2013.01.22"]
[EventType "swiss"]
[EventRounds "10"]
[EventCountry "ENG"]
[Source "lmi"]
[SourceDate "2013.01.22"]

1. e4 e5 2. Nf3 Nc6 3. d4 exd4 4. c3 dxc3 5. Nxc3 Bb4 6. Bc4 Nf6 7. e5 d5 8.
exf6 dxc4 9. Qxd8+ Nxd8 10. fxg7 Rg8 11. Bh6 Ne6 12. O-O-O Bxc3 13. bxc3 Nxg7
14. Rhe1+ Be6 15. g4 Rd8 16. Nd4 c5 17. Nf5 Rxd1+ 18. Kxd1 Kd7 19. Nxg7 Bxg4+
20. Kc1 b6 21. f4 Rc8 22. Bg5 Kc6 23. f5 Kb5 24. Re3 a5 25. h3 Rg8 26. Bf6 Bxf5
27. Nxf5 Rg1+ 28. Kd2 Rf1 29. Nd6+ Kc6 30. Be7 Ra1 31. Nxc4 Rxa2+ 32. Kd3 b5
33. Ne5+ Kd5 34. c4+ bxc4+ 35. Nxc4 a4 36. Re5+ Kc6 37. Rxc5+ Kd7 38. Re5 Rh2
39. Re3 Ra2 40. Ba3 Kd8 41. Bb2 Kd7 42. Kc2 1-0

[Event "Tradewise Gibraltar Chess Festival 2013"]
[Site "Gibraltar ENG"]
[Date "2013.01.23"]
[Round "2.79"]
[White "Veltkamp, Gerben"]
[Black "Skrabakova, Katarina"]
[Result "1-0"]
[WhiteElo "2200"]
[BlackElo "1991"]
[PlyCount "59"]
[EventDate "2013.01.22"]
[EventType "swiss"]
[EventRounds "10"]
[EventCountry "ENG"]
[Source "lmi"]
[SourceDate "2013.01.22"]

1. e4 c5 2. c3 d5 3. exd5 Qxd5 4. d4 cxd4 5. cxd4 Nc6 6. Nf3 Bg4 7. Be2 e6 8.
Nc3 Bb4 9. O-O Bxc3 10. bxc3 Nge7 11. h3 Bh5 12. Rb1 Qd7 13. Rb5 Bg6 14. Qb3 b6
15. Rd1 O-O 16. c4 Rac8 17. Qa3 Na5 18. Ne5 Qe8 19. d5 exd5 20. cxd5 Bf5 21. d6
Nec6 22. Qb2 Bd7 23. Nxd7 Qxd7 24. Rg5 f5 25. Qd2 Nd8 26. Bb2 Ne6 27. Rg3 Nb7
28. Qd5 Rc5 29. Qb3 Na5 30. Qxe6+ 1-0

[Event "Tradewise Gibraltar Chess Festival 2013"]
[Site "Gibraltar ENG"]
[Date "2013.01.23"]
[Round "2.80"]
[White "Suez-Panama, Gilles"]
[Black "Sanchez Botella, Luis Javier"]
[Result "1/2-1/2"]
[WhiteElo "1989"]
[BlackElo "2196"]
[PlyCount "115"]
[EventDate "2013.01.22"]
[EventType "swiss"]
[EventRounds "10"]
[EventCountry "ENG"]
[Source "lmi"]
[SourceDate "2013.01.22"]

1. d4 Nf6 2. Nf3 e6 3. c4 Bb4+ 4. Nbd2 O-O 5. a3 Be7 6. e4 d5 7. e5 Nfd7 8.
cxd5 exd5 9. Qb3 Re8 10. Be2 Nf8 11. O-O c5 12. dxc5 Bxc5 13. Rd1 Qb6 14. Qxb6
Bxb6 15. Nb3 Nc6 16. Bb5 Ng6 17. Rxd5 Be6 18. Rd3 Red8 19. Rxd8+ Rxd8 20. Nbd2
Ncxe5 21. Kf1 Nd3 22. Ne4 h6 23. Ne1 Nde5 24. h3 f5 25. Nc3 Nc4 26. Nf3 a6 27.
Ba4 Nge5 28. Nxe5 Nxe5 29. Nd1 Nc4 30. Ke2 Bd4 31. Rb1 Nb6 32. Bc2 Bc4+ 33. Kf3
Ba2 34. Ra1 Bd5+ 35. Kg3 Be5+ 36. f4 Bc7 37. Bxf5 Rf8 38. Ne3 Bb3 39. Kf3 g6
40. Bxg6 Bxf4 41. Nf5 Bxc1 42. Rxc1 Rf6 43. Rc7 Rxg6 44. Ne7+ Kf7 45. Nxg6+
Kxg6 46. g4 Bd5+ 47. Kg3 Bc6 48. Re7 Nc4 49. Re6+ Kg7 50. Re2 a5 51. h4 a4 52.
Kf4 Kf6 53. g5+ hxg5+ 54. hxg5+ Kg6 55. Rh2 Kg7 56. Re2 Kg6 57. Rh2 Kg7 58. Re2
1/2-1/2

[Event "Tradewise Gibraltar Chess Festival 2013"]
[Site "Gibraltar ENG"]
[Date "2013.01.23"]
[Round "2.82"]
[White "Campos Calvo-Sotelo, Juan"]
[Black "Jaunooby, Ali R"]
[Result "0-1"]
[WhiteElo "1978"]
[BlackElo "2178"]
[PlyCount "74"]
[EventDate "2013.01.22"]
[EventType "swiss"]
[EventRounds "10"]
[EventCountry "ENG"]
[Source "lmi"]
[SourceDate "2013.01.22"]

1. b4 e5 2. a3 d5 3. e3 Be6 4. Nf3 Nd7 5. Bb2 Bd6 6. d3 f5 7. Nbd2 Ngf6 8. c4
c6 9. Be2 h6 10. Qc2 a5 11. c5 Bc7 12. O-O Qe7 13. d4 e4 14. Ne5 Nxe5 15. dxe5
Ng4 16. Bxg4 fxg4 17. Nb3 a4 18. Nd4 O-O 19. g3 Bd7 20. e6 Bxe6 21. Nxe6 Qxe6
22. Bd4 h5 23. b5 h4 24. bxc6 bxc6 25. Rab1 Rf7 26. Rb2 Raf8 27. Rbb1 Qf5 28.
Qe2 Qh5 29. h3 Rf3 30. Rb7 R8f7 31. Rxc7 Rxc7 32. Qb2 Rcf7 33. Qb8+ Kh7 34.
hxg4 Qxg4 35. Be5 h3 36. Bf4 R3xf4 37. Kh2 Rxf2+ 0-1

[Event "Tradewise Gibraltar Chess Festival 2013"]
[Site "Gibraltar ENG"]
[Date "2013.01.23"]
[Round "2.83"]
[White "Meyer, Kai-Christian"]
[Black "Sielicki, Tomasz"]
[Result "1-0"]
[WhiteElo "2177"]
[BlackElo "1969"]
[PlyCount "149"]
[EventDate "2013.01.22"]
[EventType "swiss"]
[EventRounds "10"]
[EventCountry "ENG"]
[Source "lmi"]
[SourceDate "2013.01.22"]

1. b3 e5 2. Bb2 d6 3. c4 Be7 4. g3 f5 5. Bg2 Nf6 6. Nc3 c6 7. d4 O-O 8. Nh3 Na6
9. O-O Qe8 10. d5 Nc5 11. f4 Ng4 12. fxe5 dxe5 13. Qd2 Bd7 14. Nf2 Nxf2 15.
Rxf2 e4 16. Qd4 Qg6 17. dxc6 Bxc6 18. Nd5 Bd6 19. Nf4 Bxf4 20. Qxc5 Bc7 21. Qb4
f4 22. Ba3 Rad8 23. Kh1 Bd6 24. c5 Be5 25. Rc1 Bd4 26. Rxf4 Rxf4 27. gxf4 Bf2
28. Qc4+ Kh8 29. Qc2 Be3 30. Rd1 Rxd1+ 31. Qxd1 Bxf4 32. Qd8+ Be8 33. Qe7 Qf7
34. Qxf7 Bxf7 35. Bxe4 b6 36. cxb6 axb6 37. Bb2 b5 38. a4 Bxb3 39. axb5 Be3 40.
h3 Bc4 41. Bd3 Bd5+ 42. Kh2 Bf4+ 43. Kg1 Be3+ 44. Kf1 Kg8 45. Be5 g5 46. Bc7
Kg7 47. b6 Bb7 48. Bf5 h5 49. Bd8 Kf7 50. Bd7 Bc5 51. Ke1 Be7 52. Bc7 Bb4+ 53.
Kf2 Ke7 54. Bf5 Kf6 55. Bc2 g4 56. h4 Be7 57. Kg3 Kf7 58. Bb3+ Kg6 59. Ba4 Kf7
60. Bb5 Bf6 61. Bc4+ Kg6 62. e4 Bc3 63. Bd5 Be1+ 64. Kg2 Bc8 65. Bg3 Bc3 66. b7
Bxb7 67. Bxb7 Kf6 68. Kf2 Bd4+ 69. Ke2 Ke6 70. Kd3 Bb6 71. Bc8+ Ke7 72. e5 Bc7
73. Ke4 Kd8 74. Bf5 Ke7 75. Bg6 1-0

[Event "Tradewise Gibraltar Chess Festival 2013"]
[Site "Gibraltar ENG"]
[Date "2013.01.23"]
[Round "2.84"]
[White "Obiamiwe, Paul"]
[Black "Seyfried, Claus"]
[Result "0-1"]
[WhiteElo "1973"]
[BlackElo "2177"]
[PlyCount "82"]
[EventDate "2013.01.22"]
[EventType "swiss"]
[EventRounds "10"]
[EventCountry "ENG"]
[Source "lmi"]
[SourceDate "2013.01.22"]

1. Nf3 d5 2. d4 c6 3. c4 e6 4. Qc2 Nf6 5. Bg5 Nbd7 6. e3 Qa5+ 7. Nfd2 Ne4 8.
Bf4 g5 9. Bg3 h5 10. f3 Nxg3 11. hxg3 Qc7 12. f4 Nf6 13. Be2 Bg7 14. Nc3 Bd7
15. O-O-O O-O-O 16. Kb1 gxf4 17. gxf4 c5 18. Nb3 cxd4 19. Nxd4 dxc4 20. Ncb5
Qb6 21. Bxc4 Kb8 22. Qb3 Ne4 23. Rhf1 Nc5 24. Qc2 Rc8 25. Qe2 Na4 26. Bb3 Nc5
27. Bc4 Na4 28. Bb3 Nxb2 29. Na3 Nxd1 30. Rxd1 Ba4 31. Nc4 Qa6 32. Ne5 Qxe2 33.
Nxe2 Bxb3 34. axb3 Bxe5 35. fxe5 Rcd8 36. Nd4 Rd5 37. Rf1 Rh7 38. Nf3 Rd3 39.
Kc2 Rxe3 40. Rf2 Rg7 41. Rd2 Kc7 0-1

[Event "Tradewise Gibraltar Chess Festival 2013"]
[Site "Gibraltar ENG"]
[Date "2013.01.23"]
[Round "2.85"]
[White "Smith, Andrew Philip"]
[Black "Henrichsen, Jens"]
[Result "1-0"]
[WhiteElo "2175"]
[BlackElo "1957"]
[PlyCount "67"]
[EventDate "2013.01.22"]
[EventType "swiss"]
[EventRounds "10"]
[EventCountry "ENG"]
[Source "lmi"]
[SourceDate "2013.01.22"]

1. e4 c5 2. Nf3 Nc6 3. d4 cxd4 4. Nxd4 Nf6 5. Nc3 e5 6. Ndb5 d6 7. Bg5 a6 8.
Na3 b5 9. Nd5 Be7 10. Bxf6 Bxf6 11. c3 O-O 12. Nc2 Bg5 13. a4 bxa4 14. Rxa4 a5
15. Bc4 Rb8 16. b3 Kh8 17. Nce3 g6 18. h4 Bh6 19. h5 Bg5 20. g3 Kg7 21. f4 exf4
22. gxf4 Bh4+ 23. Kf1 f5 24. hxg6 hxg6 25. exf5 Bxf5 26. Nxf5+ Rxf5 27. Qg4 Rh5
28. Bd3 Rh6 29. Re4 Rb7 30. Re6 Ne5 31. fxe5 Qf8+ 32. Nf4 g5 33. Rxh6 Kxh6 34.
Rxh4+ 1-0

[Event "Tradewise Gibraltar Chess Festival 2013"]
[Site "Gibraltar ENG"]
[Date "2013.01.23"]
[Round "2.87"]
[White "Vinas Guerrero, Carlos A"]
[Black "Georgieva, Emilia"]
[Result "1/2-1/2"]
[WhiteElo "2167"]
[BlackElo "1949"]
[PlyCount "94"]
[EventDate "2013.01.22"]
[EventType "swiss"]
[EventRounds "10"]
[EventCountry "ENG"]
[Source "lmi"]
[SourceDate "2013.01.22"]

1. e4 c6 2. d4 d5 3. e5 Bf5 4. Nf3 e6 5. Be2 c5 6. O-O Nc6 7. Be3 Qb6 8. b3
cxd4 9. Nxd4 Nxd4 10. Qxd4 Qxd4 11. Bxd4 Ne7 12. Bb5+ Nc6 13. c4 a6 14. cxd5
exd5 15. Bxc6+ bxc6 16. Rc1 Rc8 17. Bc5 Kd7 18. Nd2 Bxc5 19. Rxc5 Rhe8 20. Rd1
Bd3 21. f4 f6 22. Nc4 Bxc4 23. bxc4 fxe5 24. cxd5 Kd6 25. Ra5 exf4 26. Rxa6 Kc5
27. dxc6 Kb5 28. Ra7 Rxc6 29. Rb1+ Kc5 30. Rc1+ Kb6 31. Rxc6+ Kxc6 32. Rxg7 Ra8
33. Rxh7 Rxa2 34. Re7 Kd5 35. h4 Rb2 36. Kf1 Kd4 37. Re6 Kd5 38. Re8 Kd4 39.
Kg1 Ra2 40. Re6 Kd5 41. Re1 Kd4 42. Rf1 Ke4 43. Kh2 Kf5 44. Kh3 Ra3+ 45. Rf3
Re3 46. Kh2 Kg4 47. Rf1 Re4 1/2-1/2

[Event "Tradewise Gibraltar Chess Festival 2013"]
[Site "Gibraltar ENG"]
[Date "2013.01.23"]
[Round "2.88"]
[White "Cebada Benitez, Fernando"]
[Black "Karlsson, Jorgen"]
[Result "0-1"]
[WhiteElo "1958"]
[BlackElo "2165"]
[PlyCount "100"]
[EventDate "2013.01.22"]
[EventType "swiss"]
[EventRounds "10"]
[EventCountry "ENG"]
[Source "lmi"]
[SourceDate "2013.01.22"]

1. e4 g6 2. g3 Bg7 3. Bg2 c5 4. Ne2 Nc6 5. O-O d6 6. d3 e6 7. Nbc3 Nge7 8. Be3
Nd4 9. Qd2 h5 10. f4 f5 11. Bf2 h4 12. gxh4 Bf6 13. Nxd4 cxd4 14. Ne2 e5 15. c3
dxc3 16. Qxc3 Be6 17. d4 Rc8 18. Qe3 Qb6 19. fxe5 dxe5 20. d5 Qxe3 21. Bxe3 Bd7
22. Rac1 Rxh4 23. Rxc8+ Nxc8 24. exf5 gxf5 25. Ng3 f4 26. Ne4 Be7 27. Bf2 Rh6
28. Rc1 Rg6 29. Kh1 b6 30. Bf3 Kd8 31. Rg1 Bf5 32. Re1 Kd7 33. Nc3 Bd6 34. Bh5
Rh6 35. Be2 Ne7 36. Bb5+ Kd8 37. Bf1 Ng6 38. Nb5 Bb8 39. Bg2 Kd7 40. Be4 Bxe4+
41. Rxe4 Ne7 42. Nc3 Rh3 43. Ra4 Rd3 44. Kg2 Nxd5 45. Nxd5 Rxd5 46. h4 Ke6 47.
Rc4 Rd8 48. Kf3 Kf5 49. Rc1 e4+ 50. Ke2 f3+ 0-1

[Event "Tradewise Gibraltar Chess Festival 2013"]
[Site "Gibraltar ENG"]
[Date "2013.01.23"]
[Round "2.90"]
[White "Agbabishvili, Lali"]
[Black "Lee, Kai Jie Edward"]
[Result "0-1"]
[WhiteElo "1954"]
[BlackElo "2164"]
[PlyCount "114"]
[EventDate "2013.01.22"]
[EventType "swiss"]
[EventRounds "10"]
[EventCountry "ENG"]
[Source "lmi"]
[SourceDate "2013.01.22"]

1. d4 Nf6 2. c4 e6 3. Nc3 Bb4 4. a3 Bxc3+ 5. bxc3 b6 6. e3 Ba6 7. Bd3 Nc6 8. e4
Na5 9. e5 Ng8 10. Qg4 g6 11. Bg5 Qc8 12. Nf3 d5 13. Nd2 dxc4 14. Be4 Bb7 15.
O-O Bd5 16. Rfe1 c6 17. Bc2 Qd7 18. Qh4 h6 19. Ne4 Bxe4 20. Bxe4 Ne7 21. Bf6
Rh7 22. Re3 Rc8 23. Rh3 Rc7 24. Qf4 Ng8 25. Rd1 Nb7 26. Qe3 Nxf6 27. exf6 h5
28. Qe2 Nd6 29. Bc2 Kf8 30. Kh1 Qd8 31. Rf3 Rd7 32. Re1 Ne8 33. Qxc4 Rd6 34.
Qb4 a5 35. Qb1 Nxf6 36. h3 Kg7 37. a4 Rh8 38. Qc1 Nd5 39. Kg1 Re8 40. Rg3 c5
41. Qd1 h4 42. Rf3 Qg5 43. g3 Red8 44. Re5 f5 45. Qe1 cxd4 46. cxd4 Rc6 47. Bd1
Kf7 48. Kh2 hxg3+ 49. fxg3 Rh8 50. Qf2 Rc1 51. Re1 Nc3 52. Bb3 Qg4 53. h4 Ne4
54. Bxe6+ Kg7 55. Bxf5 gxf5 56. Rxe4 Qxe4 57. d5 Rc2 0-1

[Event "Tradewise Gibraltar Chess Festival 2013"]
[Site "Gibraltar ENG"]
[Date "2013.01.23"]
[Round "2.91"]
[White "Osuna Vega, Enrique"]
[Black "Openshaw, David K"]
[Result "1-0"]
[WhiteElo "2157"]
[BlackElo "1923"]
[PlyCount "93"]
[EventDate "2013.01.22"]
[EventType "swiss"]
[EventRounds "10"]
[EventCountry "ENG"]
[Source "lmi"]
[SourceDate "2013.01.22"]

1. e4 c5 2. Nf3 e6 3. d4 cxd4 4. Nxd4 a6 5. g3 Qc7 6. Bg2 Nc6 7. Nc3 Nf6 8. O-O
Nxd4 9. Qxd4 Bc5 10. Qd1 d6 11. Bf4 e5 12. Bg5 Be6 13. Bxf6 gxf6 14. Nd5 Bxd5
15. exd5 Ke7 16. Be4 h5 17. Kh1 Qd7 18. Qd3 h4 19. Bf5 Qa4 20. g4 Rhg8 21. h3
Qf4 22. Rae1 Qd4 23. Qf3 b5 24. c3 Qa4 25. Re2 b4 26. b3 Qb5 27. Bd3 Qd7 28.
cxb4 Bxb4 29. Qe4 Bc5 30. f4 Kf8 31. fxe5 fxe5 32. Qh7 Qe7 33. Ree1 Rg7 34.
Qh8+ Rg8 35. Qh6+ Ke8 36. Qh7 Rf8 37. Rf3 Ra7 38. Qf5 Qd7 39. Qg5 Qe7 40. Rf6
Bf2 41. Re2 Bg3 42. Rc2 Rc7 43. Rxc7 Qxc7 44. Bxa6 Qa5 45. Bc4 Qxa2 46. Bb5+
Ke7 47. Re6# 1-0

[Event "Tradewise Gibraltar Chess Festival 2013"]
[Site "Gibraltar ENG"]
[Date "2013.01.23"]
[Round "2.92"]
[White "Baert, Andy"]
[Black "Dennis, Nigel W"]
[Result "1-0"]
[WhiteElo "2154"]
[BlackElo "1904"]
[PlyCount "51"]
[EventDate "2013.01.22"]
[EventType "swiss"]
[EventRounds "10"]
[EventCountry "ENG"]
[Source "lmi"]
[SourceDate "2013.01.22"]

1. e4 c5 2. Nf3 e6 3. d4 cxd4 4. Nxd4 Nf6 5. Nc3 d6 6. f4 a6 7. Bd3 Qc7 8. Be3
Be7 9. O-O Nc6 10. Kh1 Bd7 11. Qe1 O-O 12. Qg3 Nxd4 13. Bxd4 b5 14. e5 Ne8 15.
Ne4 f6 16. exf6 Nxf6 17. Ng5 h6 18. Nh7 Nh5 19. Qg4 Rxf4 20. Qxh5 Be8 21. Qe2
Rxd4 22. Qxe6+ Kh8 23. Rae1 Rxd3 24. cxd3 Bh4 25. Qe4 Bxe1 26. Rf8# 1-0

[Event "Tradewise Gibraltar Chess Festival 2013"]
[Site "Gibraltar ENG"]
[Date "2013.01.23"]
[Round "2.93"]
[White "Pribyl, Jaroslav"]
[Black "Allor, Chukwuka"]
[Result "1-0"]
[WhiteElo "1932"]
[BlackElo "2154"]
[PlyCount "111"]
[EventDate "2013.01.22"]
[EventType "swiss"]
[EventRounds "10"]
[EventCountry "ENG"]
[Source "lmi"]
[SourceDate "2013.01.22"]

1. d4 Nf6 2. c4 g6 3. Nc3 d5 4. Qb3 dxc4 5. Qxc4 Bg7 6. e4 O-O 7. Nf3 Nc6 8.
Be2 Bg4 9. d5 Na5 10. Qb4 c6 11. e5 Bxf3 12. exf6 Bxg2 13. fxg7 Kxg7 14. Rg1
Bxd5 15. Qd4+ e5 16. Qxe5+ f6 17. Qd4 Bc4 18. Be3 Qxd4 19. Bxd4 Rfe8 20. Be3
Bxe2 21. Kxe2 Nc4 22. b3 Nxe3 23. fxe3 f5 24. Rad1 Re7 25. Rd3 Rae8 26. Rgd1
Kf6 27. h4 Kg7 28. Rd7 Kh6 29. Rxe7 Rxe7 30. Kf3 b5 31. b4 a5 32. a3 axb4 33.
axb4 Re6 34. Rd4 g5 35. Ne2 Kg6 36. hxg5 Kxg5 37. Ng3 h5 38. Rf4 Re5 39. e4
fxe4+ 40. Nxe4+ Kg6 41. Rf6+ Kg7 42. Rxc6 Rf5+ 43. Ke3 h4 44. Rc5 Rxc5 45. bxc5
Kf7 46. Kd4 Ke6 47. Ng5+ Kd7 48. Kc3 Kc7 49. Kb4 Kc6 50. Nh3 Kc7 51. Kxb5 Kb7
52. c6+ Kc7 53. Kc5 Kc8 54. Kd6 Kd8 55. c7+ Kc8 56. Ng5 1-0

[Event "Tradewise Gibraltar Chess Festival 2013"]
[Site "Gibraltar ENG"]
[Date "2013.01.23"]
[Round "2.95"]
[White "Lochte, Szilvia"]
[Black "Burrows, Martin P"]
[Result "0-1"]
[WhiteElo "1923"]
[BlackElo "2153"]
[PlyCount "46"]
[EventDate "2013.01.22"]
[EventType "swiss"]
[EventRounds "10"]
[EventCountry "ENG"]
[Source "lmi"]
[SourceDate "2013.01.22"]

1. d4 Nf6 2. Bf4 e6 3. e3 b6 4. Nf3 Bb7 5. Bd3 c5 6. c3 Be7 7. h3 O-O 8. Nbd2
cxd4 9. exd4 d6 10. O-O Nbd7 11. Re1 a6 12. a4 Qc7 13. Bh2 Rfe8 14. Qb3 Bf8 15.
Re2 Bc6 16. Rae1 Qb7 17. Ne4 Nxe4 18. Bxe4 Nf6 19. Bxc6 Qxc6 20. Nd2 b5 21.
axb5 axb5 22. Ne4 Nxe4 23. Rxe4 Qxe4 0-1

[Event "Tradewise Gibraltar Chess Festival 2013"]
[Site "Gibraltar ENG"]
[Date "2013.01.23"]
[Round "2.96"]
[White "Weber, Francois"]
[Black "Guerrero Romero, Antonio"]
[Result "1-0"]
[WhiteElo "2150"]
[BlackElo "1862"]
[PlyCount "60"]
[EventDate "2013.01.22"]
[EventType "swiss"]
[EventRounds "10"]
[EventCountry "ENG"]
[Source "lmi"]
[SourceDate "2013.01.22"]

1. e4 c6 2. d4 d5 3. e5 Bf5 4. h4 h5 5. Nh3 g6 6. Nf4 e6 7. Bd3 Nh6 8. Be2 Nd7
9. Nd2 Bg7 10. Nf1 Qb6 11. a4 a6 12. a5 Qc7 13. c3 Rc8 14. Ne3 c5 15. Bd2 O-O
16. Nxf5 Nxf5 17. Rc1 c4 18. g4 hxg4 19. Bxg4 Qxa5 20. h5 g5 21. Bxf5 exf5 22.
Rg1 f6 23. h6 Rfe8 24. e6 Nf8 25. hxg7 Nxe6 26. Nxe6 Rxe6+ 27. Kf1 Rc7 28. Qc2
f4 29. Qf5 Qb6 30. Rxg5 Rd7 1-0